000
00343 a2200169 4500
001
192467
020
_a
978-85-390-0620-5
040
_c
Magnum
100
_a
Thiel, Peter
240
1
0
_a
De zero a um
_l
por
245
1
0
_a
De zero a um
300
_a
215
362
0
_a
2014
440
1
_a
Objetiva
697
_a
LITERATURA GERAL
942
_c
BK
999
_c
192467
_d
192467